00454nam a2200181 i 4500001000800000005001700008008004100025010001700066020002500083040001800108041000800126080001700134082001700151100000800168101000800176245005800184504003000242365105920180122091538.0761029s1976 inu b 001 0 eng  a 76005710  a0911198431 :c$11.95 aDLCcDLCdDLC aeng a330.153 FOL00a330.153 FOL1 a49. aPSI14aThe social physics of Adam Smith /cby Vernard Foley. aBibliography: p. 255-258.